Las dos caras de Jano

Spremljeno u:
Bibliografski detalji
Glavni autor: Huneeus, Cristián (Autor)
Format: Knjiga
Jezik:španjolski
Izdano: Santiago Del Pacífico 1962
Teme:
Oznake: Dodaj oznaku
Bez oznaka, Budi prvi tko označuje ovaj zapis!

MARC

LEADER 00000cam a2200000 a 4500
001 UCE1262
003 CL-VaPUC
008 140407e19620000cl |||||||||||||||||spa|d
082 0 4 |a Ch863  |b HUN  |2 21 
100 |a Huneeus, Cristián  |e author  |9 420305 
245 1 4 |a Las dos caras de Jano 
300 |a 121 p 
942 |c BK 
945 |d 20140407 11:30:00  |a cmena 
260 |a Santiago  |b Del Pacífico  |c 1962 
650 0 |a Novelas chilenas   |9 265425 
650 0 |a Literatura chilena   |9 308278 
583 |a last modification  |c 20140407 11:30:00  |k Rodrigo Vera 
999 |c 355118  |d 355116 
952 |0 0  |1 0  |3 erb  |4 0  |6 CH_863_000000000000000_HUN_1962  |7 0  |8 A  |9 461500  |a BIBEDU  |b BIBEDU  |i 5050839  |o Ch863 HUN 1962  |p 5050839  |r 2019-11-23  |w 2019-11-23  |y BK  |z Catalogado en:20140407  |k LIT